[Event "HUN Team League Csongrad Region 2018-19 "]
[Site "Csongrád County"]
[Date "2018.12.09"]
[Round "5.4"]
[White "Kocsmar, Akos"]
[Black "Jakso, Abel"]
[Result "1-0"]
[WhiteElo "1690"]
[BlackElo "1574"]
[PlyCount "103"]
[EventDate "2018.09.30"]
[WhiteTeam "Maróczy Géza SE V."]
[BlackTeam "Makói SVSE III."]

1. c4 g6 2. Nc3 Bg7 3. g3 c5 4. Bg2 d6 5. e3 Nc6 6. Nge2 Nf6 7. d4 cxd4 8. exd4
O-O 9. O-O Bf5 10. b3 Rb8 11. h3 Nb4 12. Bb2 Bh6 13. f4 Nc2 14. g4 Ne3 15. Qd2
Nxf1 16. Rxf1 Nxg4 17. hxg4 Bxg4 18. Ne4 b5 19. Bf3 Bf5 20. N4g3 Qd7 21. Re1
bxc4 22. bxc4 Rb6 23. Nc3 Rfb8 24. Ba3 Be6 25. d5 Bg4 26. Bg2 Bh3 27. Bf3 Bg4
28. Be4 Bh3 29. Qf2 Qg4 30. Bc1 Bg7 31. Nce2 Qd7 32. Nd4 Bxd4 33. Qxd4 Qc7 34.
Kh2 Bg4 35. Ba3 Ra6 36. Re3 Ra4 37. Rc3 Rc8 38. Bd3 Qa5 39. Bb2 Rxa2 40. Rc2 f6
41. Qe3 Rc7 42. f5 g5 43. Qe6+ Kg7 44. Ne4 Kf8 45. Nxd6 exd6 46. Qxd6+ Re7 47.
Qxf6+ Ke8 48. d6 Re3 49. d7+ Kxd7 50. Qd4+ Kc8 51. Qxe3 Qc7+ 52. Qg3 1-0

[Event "HUN Team League Csongrad Region 2018-19 "]
[Site "Csongrád County"]
[Date "2018.12.09"]
[Round "5.4"]
[White "Kralik, Attila"]
[Black "Kis, Izabella"]
[Result "1/2-1/2"]
[WhiteElo "1669"]
[BlackElo "1374"]
[PlyCount "80"]
[EventDate "2018.09.30"]
[WhiteTeam "Makói SVSE III."]
[BlackTeam "Maróczy Géza SE V."]

1. c4 c5 2. g3 g6 3. Bg2 Bg7 4. Nc3 e6 5. d3 Ne7 6. Be3 d6 7. Qd2 Nbc6 8. Bh6
Bxh6 9. Qxh6 Nd4 10. Qd2 Rb8 11. e3 Ndc6 12. Nf3 Nf5 13. h4 h5 14. O-O O-O 15.
a3 b6 16. Rfb1 a5 17. Ne1 Bb7 18. Nc2 Ne5 19. Qe2 Bxg2 20. Kxg2 Qd7 21. b4 axb4
22. axb4 Ra8 23. b5 d5 24. Na4 Qb7 25. f3 dxc4 26. dxc4 Rfd8 27. Nb2 Rd7 28.
Rxa8+ Qxa8 29. Ra1 Qd8 30. Rd1 Rxd1 31. Nxd1 Nxc4 32. Nf2 Qd2 33. Qxc4 Qxc2 34.
Qf4 Qd2 35. Qb8+ Kh7 36. Qf8 Nxe3+ 37. Kh3 Qxf2 38. Qxf7+ Kh6 39. Qf8+ Kh7 40.
Qf7+ Kh6 1/2-1/2

[Event "HUN Team League Csongrad Region 2018-19 "]
[Site "Csongrád County"]
[Date "2018.12.09"]
[Round "5.4"]
[White "Erdei, Imre"]
[Black "Nemeth, Norbert Marcell"]
[Result "1-0"]
[WhiteElo "1652"]
[BlackElo "1297"]
[PlyCount "31"]
[EventDate "2018.09.30"]
[WhiteTeam "Makói SVSE III."]
[BlackTeam "Maróczy Géza SE V."]

1. d4 d5 2. Nf3 Bg4 3. e3 Nf6 4. h3 Bxf3 5. Qxf3 e6 6. c4 c6 7. a3 Nbd7 8. Nc3
Rc8 9. c5 e5 10. b4 b6 11. dxe5 Nxe5 12. Qf5 Qc7 13. cxb6 axb6 14. Be2 Be7 15.
Bb2 Qd6 16. Qxc8+ 1-0

[Event "HUN Team League Csongrad Region 2018-19 "]
[Site "Csongrád County"]
[Date "2018.12.09"]
[Round "5.4"]
[White "Korosi, Zsombor"]
[Black "Szekeres, Mihaly"]
[Result "0-1"]
[WhiteElo "1072"]
[BlackElo "1645"]
[PlyCount "72"]
[EventDate "2018.09.30"]
[WhiteTeam "Maróczy Géza SE V."]
[BlackTeam "Makói SVSE III."]

1. e4 c5 2. Nf3 d6 3. b3 a6 4. Bb2 Nc6 5. Bc4 e6 6. Nc3 Nf6 7. d4 b5 8. Be2
cxd4 9. Nxd4 Bb7 10. Nxc6 Bxc6 11. Bf3 b4 12. e5 Bxf3 13. Qxf3 bxc3 14. Qc6+
Nd7 15. Bxc3 d5 16. Kd2 Rc8 17. Qxa6 Qc7 18. Qd3 Ba3 19. b4 Nxe5 20. Bxe5 Bxb4+
21. c3 Qxe5 22. cxb4 Qb2+ 23. Ke3 Qxb4 24. Rhc1 O-O 25. Rxc8 Rxc8 26. Rb1 Qa5
27. Qb5 Qxa2 28. Qb8 Qa3+ 29. Rb3 Qf8 30. Qe5 h6 31. Kd2 Qc5 32. Rg3 Qxf2+ 33.
Kd3 Qc2+ 34. Ke3 Rc3+ 35. Kd4 Rc4+ 36. Ke3 Re4+ 0-1

[Event "HUN Team League Csongrad Region 2018-19 "]
[Site "Csongrád County"]
[Date "2018.12.09"]
[Round "5.5"]
[White "Adok, Janos"]
[Black "Balogh, Ferenc"]
[Result "1-0"]
[WhiteElo "2219"]
[BlackElo "1918"]
[PlyCount "107"]
[EventDate "2018.09.30"]
[WhiteTeam "Vásárhelyi Pákozdy FSSE"]
[BlackTeam "Maróczy Géza SE VI."]

1. c4 e5 2. Nc3 d6 3. Nf3 c6 4. d4 Qc7 5. g3 Be7 6. Bg2 Bf5 7. O-O Nf6 8. c5
Nbd7 9. cxd6 Bxd6 10. dxe5 Nxe5 11. Nd4 Bd7 12. Bg5 Be7 13. Rc1 Qd8 14. Qc2 O-O
15. Rfd1 Qe8 16. Nf5 Bxf5 17. Qxf5 Ng6 18. h4 Qc8 19. Qa5 Rd8 20. h5 Rxd1+ 21.
Rxd1 Nf8 22. h6 gxh6 23. Bxh6 Qe6 24. Bxf8 Kxf8 25. Qc7 Qc8 26. Qf4 Qg4 27.
Qh6+ Qg7 28. Qe3 h5 29. Qd4 Qg4 30. Qe3 Qg6 31. Rd3 Ng4 32. Qd4 Qf6 33. Qxf6
Nxf6 34. Bf3 Rd8 35. Rxd8+ Bxd8 36. e3 Ke7 37. Ne2 Bc7 38. Nd4 Ng4 39. b3 Be5
40. Nf5+ Ke6 41. e4 c5 42. Bxg4 hxg4 43. Kf1 b5 44. Ke2 Bc3 45. Nh6 f5 46.
exf5+ Kf6 47. Kd3 Kg5 48. Nxg4 Kxg4 49. Kxc3 Kxf5 50. f3 Ke5 51. Kd3 a6 52. f4+
Kd5 53. g4 Ke6 54. Ke4 1-0

[Event "HUN Team League Csongrad Region 2018-19 "]
[Site "Csongrád County"]
[Date "2018.12.09"]
[Round "5.5"]
[White "Tornyai, Jeno"]
[Black "Borsi, Imre"]
[Result "1-0"]
[WhiteElo "1870"]
[BlackElo "2016"]
[PlyCount "83"]
[EventDate "2018.09.30"]
[WhiteTeam "Maróczy Géza SE VI."]
[BlackTeam "Vásárhelyi Pákozdy FSSE"]

1. d4 c5 2. dxc5 Na6 3. e4 Nxc5 4. Nc3 d6 5. Nf3 Nf6 6. e5 dxe5 7. Qxd8+ Kxd8
8. Nxe5 Be6 9. Be3 Ncd7 10. O-O-O Kc8 11. f4 Ng4 12. Nxg4 Bxg4 13. Rd2 e5 14.
Bc4 Bb4 15. h3 Be6 16. Bxe6 fxe6 17. Rhd1 Nb6 18. Rd3 Nc4 19. Bf2 Rf8 20. Bh4
Kc7 21. a3 Bc5 22. fxe5 Kc6 23. Bg3 Rf5 24. Ne4 Raf8 25. Rc3 Be3+ 26. Kb1 b5
27. Rd6+ Kb7 28. Rxe6 Rf1+ 29. Ka2 Bd4 30. Rb3 Rc1 31. Nd6+ Nxd6 32. Rxd6 Bb6
33. Rd7+ Ka6 34. Rc3 Ka5 35. Kb3 Re8 36. Rxg7 Bd4 37. Rcc7 a6 38. Rxh7 Bb6 39.
Rc6 Rg8 40. Bf4 Rf1 41. g3 Rf3+ 42. Ka2 1-0

[Event "HUN Team League Csongrad Region 2018-19 "]
[Site "Csongrád County"]
[Date "2018.12.09"]
[Round "5.5"]
[White "Baranyi, Erno"]
[Black "Lovaszi, Szabolcs"]
[Result "1-0"]
[WhiteElo "2118"]
[BlackElo "1494"]
[PlyCount "44"]
[EventDate "2018.09.30"]
[WhiteTeam "Vásárhelyi Pákozdy FSSE"]
[BlackTeam "Maróczy Géza SE VI."]

1. d4 g6 2. c4 Bg7 3. Nc3 d6 4. Nf3 Nf6 5. g3 O-O 6. Bg2 Nbd7 7. O-O Re8 8. h3
e5 9. e4 b6 10. Qc2 Bb7 11. d5 a5 12. Be3 Nc5 13. a3 Qe7 14. b4 axb4 15. axb4
Ncd7 16. Nd2 Rxa1 17. Rxa1 Ra8 18. Rxa8+ Bxa8 19. Qa4 Bb7 20. Qa7 Bc8 21. Qxc7
Qf8 22. Nb5 Ne8 1-0

[Event "HUN Team League Csongrad Region 2018-19 "]
[Site "Csongrád County"]
[Date "2018.12.09"]
[Round "5.5"]
[White "Keller, Peter"]
[Black "Bene, Zoltan"]
[Result "1/2-1/2"]
[WhiteElo "1417"]
[BlackElo "1695"]
[PlyCount "131"]
[EventDate "2018.09.30"]
[WhiteTeam "Maróczy Géza SE VI."]
[BlackTeam "Vásárhelyi Pákozdy FSSE"]

1. d4 d5 2. Bf4 Nf6 3. e3 Bf5 4. Bd3 Bxd3 5. Qxd3 e6 6. Nf3 Nbd7 7. Nbd2 Be7 8.
h3 h6 9. O-O O-O 10. c4 c5 11. cxd5 Nxd5 12. Bh2 Rc8 13. Rac1 cxd4 14. Rxc8
Qxc8 15. Nxd4 N7b6 16. N2b3 Qd7 17. Qb5 Rc8 18. Qxd7 Nxd7 19. Rc1 Rxc1+ 20.
Nxc1 Bc5 21. Nd3 Bb6 22. Ne5 Nxe5 23. Bxe5 f6 24. Bd6 Kf7 25. Ba3 a6 26. Kf1 g6
27. Ke2 Nf4+ 28. exf4 Bxd4 29. f3 Ke8 30. Kd3 Bf2 31. b3 Kd7 32. Bb2 f5 33. g4
Kd6 34. Bd4 Bg3 35. gxf5 exf5 36. Ke3 Kd5 37. Bb6 Bh2 38. Bc7 b5 39. Kd3 Kc5
40. Be5 a5 41. a3 Kd5 42. Ke3 Bg1+ 43. Kd3 Bc5 44. Bb2 Bd6 45. Bc1 Be7 46. Bb2
g5 47. fxg5 hxg5 48. a4 Kc6 49. axb5+ Kxb5 50. Bc3 Bd8 51. Bd2 Bf6 52. Bc3 Bxc3
53. Kxc3 Kc5 54. Kd3 Kb4 55. Kc2 Kc5 56. Kc3 Kd5 57. Kd3 Kc5 58. Kc3 Kb5 59.
Kc2 Kb4 60. Kb2 f4 61. Kc2 Kc5 62. Kc3 Kd5 63. Kd3 Kc5 64. Kc3 Kd5 65. Kd3 Kc5
66. Kc3 1/2-1/2

[Event "HUN Team League Csongrad Region 2018-19 "]
[Site "Csongrád County"]
[Date "2018.12.09"]
[Round "5.5"]
[White "Markus, Molli Amina"]
[Black "Vadkerti, Vince"]
[Result "1-0"]
[WhiteElo "1621"]
[BlackElo "1407"]
[PlyCount "113"]
[EventDate "2018.09.30"]
[WhiteTeam "Vásárhelyi Pákozdy FSSE"]
[BlackTeam "Maróczy Géza SE VI."]

1. d4 d5 2. Nf3 Nf6 3. g3 c6 4. Bg2 g6 5. O-O Bg7 6. c4 O-O 7. b3 b6 8. Bb2 Bb7
9. Nc3 Nbd7 10. Qc2 Rc8 11. Qd2 Qc7 12. Rac1 Qb8 13. Rfe1 Rfe8 14. e4 dxe4 15.
Nxe4 Nxe4 16. Rxe4 Nf6 17. Re2 e6 18. Rd1 Red8 19. Qc2 Qa8 20. Ne5 b5 21. c5
Ba6 22. Ree1 Nd5 23. Bxd5 exd5 24. Qd2 Re8 25. f4 f5 26. Qf2 Re6 27. Qf3 Qb7
28. h3 Qe7 29. Kf2 Qc7 30. Bc3 Rf6 31. Kg2 Rcf8 32. Re3 Qc8 33. Rde1 Re6 34.
Rb1 Qc7 35. Qe2 Qc8 36. Qe1 Rfe8 37. a4 R8e7 38. axb5 Bxb5 39. Ra1 a6 40. Qd2
Re8 41. Rae1 Bf6 42. g4 fxg4 43. hxg4 R6e7 44. Kg3 Qc7 45. Rh1 Qc8 46. Qh2 Qc7
47. Qh6 Bxe5 48. dxe5 Qd7 49. Bd4 Rf8 50. Rhe1 Re6 51. Qg5 Re7 52. f5 Qe8 53.
e6 h6 54. Qxh6 Rh7 55. Qxh7+ Kxh7 56. Rh1+ Kg8 57. Rh8# 1-0

[Event "HUN Team League Csongrad Region 2018-19 "]
[Site "Csongrád County"]
[Date "2018.12.09"]
[Round "5.5"]
[White "Szamko, Balint"]
[Black "Gachalyi, Gergo"]
[Result "0-1"]
[WhiteElo "1132"]
[BlackElo "1454"]
[PlyCount "98"]
[EventDate "2018.09.30"]
[WhiteTeam "Maróczy Géza SE VI."]
[BlackTeam "Vásárhelyi Pákozdy FSSE"]

1. e4 c6 2. d4 d5 3. Nc3 dxe4 4. Nxe4 Bf5 5. Nc5 Qc7 6. g4 Bg6 7. Nf3 Nd7 8.
Nb3 h6 9. Nc5 Nxc5 10. dxc5 Qa5+ 11. Bd2 Qxc5 12. Bg2 Qxc2 13. Qxc2 Bxc2 14.
Rc1 Be4 15. O-O Rd8 16. Rcd1 Nf6 17. g5 hxg5 18. Nxg5 Bxg2 19. Kxg2 e6 20. f4
Nh7 21. Nxh7 Rxh7 22. f5 Rd5 23. fxe6 fxe6 24. Rf2 Bd6 25. Rff1 Rxh2+ 26. Kf3
Rdxd2 27. Rxd2 Rxd2 28. Rh1 Rxb2 29. Rh8+ Kd7 30. Rh7 Be5 31. Ke4 Bf6 32. Rh3
Rxa2 33. Rd3+ Kc7 34. Ke3 Rc2 35. Ke4 Rc4+ 36. Ke3 Rc3 37. Rxc3 Bxc3 38. Kf4 a5
39. Kf3 g5 40. Ke3 g4 41. Ke2 a4 42. Kd3 g3 43. Kxc3 g2 44. Kb4 g1=Q 45. Kxa4
Qb1 46. Ka3 Kb6 47. Ka4 Kc5 48. Ka3 Kc4 49. Ka4 Qb4# 0-1

[Event "HUN Team League Csongrad Region 2018-19 "]
[Site "Csongrád County"]
[Date "2018.12.09"]
[Round "5.5"]
[White "Torok, Csaba"]
[Black "Olah, Tibor"]
[Result "1/2-1/2"]
[WhiteElo "1572"]
[BlackElo "1600"]
[PlyCount "119"]
[EventDate "2018.09.30"]
[WhiteTeam "Vásárhelyi Pákozdy FSSE"]
[BlackTeam "Maróczy Géza SE VI."]

1. e4 c5 2. Nf3 Nc6 3. d4 cxd4 4. Nxd4 d6 5. Nc3 g6 6. Be3 Bg7 7. Qd2 Nf6 8. f3
a6 9. O-O-O Nxd4 10. Bxd4 Be6 11. Nd5 Bxd5 12. exd5 O-O 13. h4 Nd7 14. Bxg7
Kxg7 15. h5 Nf6 16. g4 Rh8 17. Qd4 g5 18. f4 h6 19. fxg5 hxg5 20. h6+ Rxh6 21.
Rxh6 Kxh6 22. Bd3 Qc8 23. Rh1+ Kg7 24. Rh5 Qc5 25. Rxg5+ Kf8 26. Qxc5 dxc5 27.
c4 e6 28. dxe6 fxe6 29. Re5 Nxg4 30. Rxe6 Re8 31. Rxe8+ Kxe8 32. Be4 b6 33. Bd5
Ke7 34. Kd2 Kd6 35. a3 Ke5 36. Kd3 a5 37. b3 Nf6 38. Bf3 Kf4 39. Bd5 Ng4 40.
Ke2 Nh6 41. Kd3 Nf5 42. Kc3 Ke3 43. b4 axb4+ 44. axb4 Nd4 45. bxc5 bxc5 46. Bg8
Ne2+ 47. Kc2 Kd4 48. Bf7 Nf4 49. Kb3 Nd3 50. Bg8 Nb4 51. Bf7 Nc6 52. Bg8 Na5+
53. Kb2 Nxc4+ 54. Kc2 Ne3+ 55. Kb2 Nd5 56. Kc2 c4 57. Kd2 c3+ 58. Kd1 Kd3 59.
Bh7+ Kc4 60. Bg6 1/2-1/2